000 00563nam a2200253Ia 4500
008 210210b1941 xxu||||| |||| 00| 0 eng d
041 _aeng
082 _a335/372
100 _a-
245 _aReport on the marketing of grapes in India and Burma
260 _aDelhi
_bManager of Publications,
_c1941
650 _athe
650 _aReport
650 _aon
650 _aof
650 _amarketing
650 _aIndia
650 _ain
650 _agrapes
650 _aBurma
650 _aand
690 _aIndian Economics
906 _a004714
999 _c127733
_d127733